| LEADER 00000nam 2200000uu 4500 |
| 008 131113s2553||||th 000 0 tha d |
| 041 0 ^atha
|
| 060 4 ^aวพ WM203 น339 2553
|
| 100 0 นวลละออง ทองโคตร
|
| 245 10 รายงานวิทยานิพนธ์ เรื่อง การฟื้นฟูสมรรถภาพทางจิตเวชผู้ป่วยจิตเภทเรื้อรังในชุมชน:^bกรณีศึกษาศูนย์สุขภาพชุมชนโคกสูง อำเภออุบลรัตน์ จังหวัดขอนแก่น /^cนวลละออง ทองโคตร
|
| 246 00 Psychiatric rehabilitation for chronic schizophrenicpatients in community :^b a study of Koksoong Primary CareUnit Ubolratana Distric Khon Kaen Province
|
| 260 ^c2553
|
| 300 [ก]-ช, 160 หน้า
|
| 502 รายงานการศึกษาอิสระ (พย.ม.)--สาขาวิชาการพยาบาลสุขภาพจิตและจิตเวช คณะพยาบาลศาสตร์ มหาวิทยาลัยขอนแก่น, 2553
|
| 650 4 ผู้ป่วยจิตเภท^xการฟื้นฟูสมรรถภาพ^zไทย^zขอนแก่น
|
| 650 4 ผู้ป่วยจิตเภท^zไทย^zขอนแก่น
|
| 650 0 วิทยานิพนธ์
|
| 710 2 มหาวิทยาลัยขอนแก่น.^bคณะพยาบาลศาสตร์.^bสาขาวิชาการพยาบาลสุขภาพจิตและจิตเวช
|
| 999 ^aใช้งานได้ทุกระบบ
|